000 01922nam0a2200361 i 4500
001 RU\NLR\BIBL_A\011311330
005 20241213150636.0
010 _a9785989551521
_91700
021 _aRU
_b2016-2686и
_9238и
035 _a(NLR Aleph) 011311330
090 _a11023141
_c11023141
100 _a20170118d2016 u y0rusy50 ca
101 0 _arus
_aeng
102 _aRU
105 _aac z 000zd
200 1 _aКорабль дураков
_dShip of fools
_ecатирическая комедия в 13 главах
_e[альбом]
_fВиталий Волович
_zeng
210 _aЕкатеринбург
_cАвтограф
_d2016
215 _a552, [8] с.
_cил., цв. ил., портр.
_d31
300 _aАвт. также на англ. яз.: Vitaly Volovich
300 _aВ конце кн. авт.: Волович В. М., нар. худож. России, акад. Рос. акад. художеств
300 _aЧасть текста парал. на рус. и англ. яз.
510 1 _6z11790
_aShip of fools
_zeng
604 _1700#1$aВолович$bВ. М.$gВиталий Михайлович$f1928
_1500##$a"Корабль дураков"$jАльбомы$2nlr_sh2$3RU\NLR\AUTH\6601609197
_3RU\NLR\AUTH\6601609197
_aВолович, Виталий Михайлович (1928)
_t"Корабль дураков"
_jАльбомы
_92311967
606 _aМировая литература
_jАльбомы
_xИллюстрации
_92547180
_3RU\NLR\AUTH\661507530
686 1 _aЩ153(2Р=Рус)7-8Волович я61
686 1 _aШ5(0)-304.5
700 1 _7ca
_8rus
_aВолович
_bВ. М.
_cхудожник
_f1928-2018
_gВиталий Михайлович
_9179572
_3RU\NLR\AUTH\770179623
790 1 _6z11510
_aVolovic
_bV. M.
_gVitalij Michajlovic
942 _cBOOK
980 _aNBR